000 00403nam a2200181Ia 4500
001 834
005 20260306140547.0
008 260306t2013||||xx |||||||||||||| ||spa||
041 _aESP
082 _a170
_bP75
100 _aPolo, Leonardo
_eAUT
245 0 _aLecciones de ética
260 _c2013
300 _a182 páginas :
_c21 cm.
650 _aGEN
654 _aCHU
942 _cLIB
_dJUS
_fJUS
_2ddc
_n
999 _c834
_d834